[Event "Moscow Victory Day op"]
[Site "Moscow"]
[Date "2011.05.01"]
[Round "2"]
[White "Goroshilov, Vladislav"]
[Black "Losev, Dmitry"]
[Result "0-1"]
[WhiteElo "2062"]
[BlackElo "2290"]
[PlyCount "162"]
[EventDate "2011.04.30"]
[EventType "swiss"]
[EventRounds "9"]
[EventCountry "RUS"]
[SourceTitle "CBM 142 Extra"]
[Source "ChessBase"]
[SourceDate "2011.06.27"]
[SourceVersion "1"]
[SourceVersionDate "2011.06.27"]
[SourceQuality "1"]

1. d4 Nf6 2. c4 e6 3. Nf3 b6 4. g3 Ba6 5. b3 Bb4+ 6. Bd2 Be7 7. Bg2 c6 8. Bc3 Ne4 9. Bb2 0-0 10. 0-0 d5 11. Nfd2 Nd6 12. Na3 Nd7 13. e4 dxe4 14. Nxe4 Nxe4 15. Bxe4 Rc8 16. Qf3 Qc7 17. Rac1 Nf6 18. Bb1 c5 19. Nb5 Qd7 20. a4 Bb7 21. d5 Rcd8 22. Qd3 g6 23. d6 Qc6 24. f3 Rxd6 25. Nxd6 Rd8 26. Qe2 Rxd6 27. Rcd1 Rd4 28. Rxd4 cxd4 29. Bxd4 Nd7 30. Kg2 e5 31. Be4 Qf6 32. Bxb7 exd4 33. Re1 Bb4 34. Rd1 Nc5 35. Qe8+ Kg7 36. Bd5 d3 37. f4 d2 38. Qe5 Qxe5 39. fxe5 Nd3 40. e6 fxe6 41. Bxe6 Kf6 42. Bd5 Ke5 43. Kf1 Kd4 44. Bg8 Ke3 45. Bxh7 Nf2 46. Rxd2 Bxd2 47. Bxg6 Ng4 48. h3 Nh2+ 49. Kg2 Nf3 50. h4 Nd4 51. h5 Ke2 52. g4 Nxb3 53. Kg3 Bg5 54. Be8 Ke3 55. Bc6 Nc5 56. Be8 Ne4+ 57. Kh3 Kf4 58. Bd7 a5 59. Kg2 Nc5 60. Be8 Kxg4 61. Kf2 Kf4 62. Ke2 Ke4 63. Bb5 Bh6 64. Kf2 Nd3+ 65. Kg3 Ne5 66. Kf2 Kd4 67. Kg3 Kc5 68. Kf2 Ng4+ 69. Kg3 Nf6 70. Kh4 Kb4 71. Kg3 Nxh5+ 72. Kg4 Nf4 73. Kf5 Nd3 74. Ke4 Nc5+ 75. Kd4 Bf8 76. Ke3 Nxa4 77. Kd2 Nb2 78. Kc2 Nxc4 79. Bd7 a4 80. Kb1 Kb3 81. Be6 a3 0-1

[Event "Voronezh op-B 14th"]
[Site "Voronezh"]
[Date "2010.06.21"]
[Round "9"]
[White "Orekhov, Nikolai"]
[Black "Goroshilov, Vladislav"]
[Result "1-0"]
[WhiteElo "1869"]
[BlackElo "2082"]
[PlyCount "117"]
[EventDate "2010.06.12"]
[EventType "swiss"]
[EventRounds "9"]
[EventCountry "RUS"]
[SourceTitle "CBM 137 Extra"]
[Source "ChessBase"]
[SourceDate "2010.09.01"]
[SourceVersion "1"]
[SourceVersionDate "2010.09.01"]
[SourceQuality "1"]

1. d4 Nf6 2. c4 g6 3. Nc3 d5 4. cxd5 Nxd5 5. e4 Nxc3 6. bxc3 Bg7 7. Bb5+ Bd7 8. Bc4 c5 9. Ne2 Nc6 10. 0-0 0-0 11. Be3 cxd4 12. cxd4 Rc8 13. Rb1 Na5 14. Bb3 Nxb3 15. Qxb3 b5 16. d5 Rc4 17. f3 a5 18. a3 Qa8 19. Rfc1 Rfc8 20. Rxc4 Rxc4 21. Rc1 a4 22. Qb1 Qc8 23. Kf2 Qc7 24. Rxc4 Qxc4 25. Qc1 Qxc1 26. Bxc1 Kf8 27. Bd2 Bb2 28. Bb4 Ke8 29. Ke3 e6 30. Nc3 Kd8 31. dxe6 fxe6 32. Kd4 Bc1 33. Ke5 Bg5 34. g3 Be7 35. Bxe7+ Kxe7 36. Na2 Bc6 37. Nb4 Be8 38. g4 h6 39. h4 g5 40. hxg5 hxg5 41. Kd4 Kd6 42. e5+ Kc7 43. Kc5 Kb7 44. Nc2 Bd7 45. Nd4 Ka6 46. Ne2 Bc8 47. f4 gxf4 48. Nxf4 Bd7 49. Nd3 Be8 50. Nb4+ Kb7 51. Kd6 Bf7 52. Ke7 Bg8 53. g5 Bh7 54. Kxe6 Kc7 55. Kf7 Bf5 56. e6 Kd6 57. e7 Bg4 58. e8Q Bh5+ 59. g6 1-0

[Event "Moscow-ch sf"]
[Site "Moscow"]
[Date "2010.03.06"]
[Round "1"]
[White "Goroshilov, Vladislav"]
[Black "Reshetnikov, Alexey"]
[Result "0-1"]
[WhiteElo "2074"]
[BlackElo "2447"]
[PlyCount "96"]
[EventDate "2010.03.06"]
[EventType "swiss"]
[EventRounds "9"]
[EventCountry "RUS"]
[SourceTitle "CBM 135 Extra"]
[Source "ChessBase"]
[SourceDate "2010.05.04"]
[SourceVersion "1"]
[SourceVersionDate "2010.05.04"]
[SourceQuality "1"]

1. d4 Nf6 2. c4 e6 3. Nf3 d5 4. g3 Bb4+ 5. Bd2 Be7 6. Bg2 0-0 7. Qc2 b6 8. cxd5 exd5 9. Bf4 c5 10. 0-0 Bb7 11. Nc3 Nbd7 12. Rad1 c4 13. Nd2 Rc8 14. Nb5 a6 15. Nd6 Bxd6 16. Bxd6 Re8 17. Rfe1 b5 18. Bh3 Rc6 19. Bf4 Nf8 20. Bg5 Qb6 21. Nf3 Ne4 22. Bf5 Bc8 23. Bxe4 Rxe4 24. Nd2 Rg4 25. Nf3 Re6 26. Bf4 Re4 27. Qd2 Rexf4 28. h3 Rxf3 29. exf3 Rg6 30. h4 Re6 31. Qb4 h6 32. Re3 a5 33. Rxe6 Bxe6 34. Qe7 b4 35. Kg2 b3 36. axb3 Qxb3 37. Rd2 Qb4 38. Qxb4 axb4 39. g4 g5 40. h5 Bd7 41. Kf1 Ne6 42. Ke2 Nf4+ 43. Kd1 Ba4+ 44. Kc1 Bb3 45. Kb1 c3 46. bxc3 bxc3 47. Rc2 Bxc2+ 48. Kxc2 Ne2 0-1

[Event "Moscow op-B"]
[Site "Moscow"]
[Date "2009.11.20"]
[Round "1"]
[White "Goroshilov, Vladislav"]
[Black "Khorsun, Vsevolod"]
[Result "1-0"]
[WhiteElo "2147"]
[BlackElo "1715"]
[PlyCount "63"]
[EventDate "2009.01.31"]
[EventType "swiss"]
[EventRounds "9"]
[EventCountry "RUS"]
[SourceTitle "EXT 2012"]
[Source "ChessBase"]
[SourceDate "2011.11.24"]
[SourceVersion "1"]
[SourceVersionDate "2011.11.24"]
[SourceQuality "1"]

1. d4 Nf6 2. c4 g6 3. Nc3 Bg7 4. Nf3 0-0 5. g3 d6 6. Bg2 c6 7. 0-0 Qc7 8. h3 e5 9. e3 Nbd7 10. b3 e4 11. Nd2 d5 12. a4 Qa5 13. Qc2 Rd8 14. Ba3 Bf8 15. b4 Bxb4 16. Nb3 Qc7 17. Bxb4 a5 18. Be7 Re8 19. Bxf6 Nxf6 20. cxd5 cxd5 21. Rfc1 Qe7 22. Nb5 Be6 23. Qc5 Rac8 24. Qxe7 Rxc1+ 25. Rxc1 Rxe7 26. Nxa5 Bd7 27. Bf1 b6 28. Nc6 Re6 29. Ne5 Re8 30. Nc7 Rc8 31. Nxd7 Rxc7 32. Nxf6+ 1-0

[Event "Voronezh op-B 13th"]
[Site "Voronezh"]
[Date "2009.06.13"]
[Round "2"]
[White "Goroshilov, Vladislav"]
[Black "Ponomariov, Timur"]
[Result "1/2-1/2"]
[WhiteElo "2122"]
[BlackElo "2292"]
[PlyCount "141"]
[EventDate "2009.06.12"]
[EventType "swiss"]
[EventRounds "9"]
[EventCountry "RUS"]
[SourceTitle "CBM 130 Extra"]
[Source "ChessBase"]
[SourceDate "2009.07.02"]
[SourceVersion "2"]
[SourceVersionDate "2009.07.15"]
[SourceQuality "1"]

1. d4 d5 2. c4 e6 3. Nc3 c5 4. cxd5 exd5 5. Nf3 Nc6 6. g3 Nf6 7. Bg2 Be7 8. Bg5 cxd4 9. Nxd4 Qb6 10. Nb3 Ng4 11. Be3 Nxe3 12. fxe3 Bb4 13. Nd4 0-0 14. 0-0 Bxc3 15. bxc3 Qc5 16. Nxc6 Qxe3+ 17. Rf2 bxc6 18. Qd4 Re8 19. Raf1 Qxd4 20. cxd4 Re7 21. Rc1 Bd7 22. Rc3 Rb8 23. e3 f6 24. Rd2 Kf7 25. Kf2 Rb6 26. Ra3 Bf5 27. Rc3 Ke6 28. Bf3 Kd6 29. Bd1 Reb7 30. Bb3 Rb4 31. Ke1 a5 32. Bc2 Bxc2 33. Rdxc2 R7b6 34. Kd2 Rb1 35. Kd3 Rd1+ 36. Ke2 Rg1 37. Rc5 Rg2+ 38. Kd3 Rxc2 39. Kxc2 Rb5 40. Rc3 c5 41. Rd3 c4 42. Rd2 Rb7 43. Re2 Re7 44. Kb2 h5 45. Ka3 Ke6 46. Rf2 Kf7 47. Rf3 g5 48. Ka4 Ke6 49. h3 Rc7 50. Rf2 c3 51. Kb3 f5 52. Kc2 Rc4 53. a3 Rc7 54. Rf1 Rb7 55. Kxc3 a4 56. Rc1 Rc7+ 57. Kd2 Rxc1 58. Kxc1 f4 59. g4 hxg4 60. hxg4 f3 61. Kd2 Kd6 62. Ke1 Kc6 63. Kf2 Kb5 64. Kxf3 Kc4 65. Ke2 Kc3 66. Kf2 Kc4 67. Ke2 Kc3 68. Kf2 Kd2 69. Kf3 Kd3 70. Kf2 Ke4 71. Ke2 1/2-1/2

[Event "Moscow op-B"]
[Site "Moscow"]
[Date "2009.02.01"]
[Round "3"]
[White "Goroshilov, Vladislav"]
[Black "Stets, Vasilij"]
[Result "0-1"]
[WhiteElo "2147"]
[BlackElo "2239"]
[PlyCount "118"]
[EventDate "2009.01.31"]
[EventType "swiss"]
[EventRounds "9"]
[EventCountry "RUS"]
[SourceTitle "EXT 2012"]
[Source "ChessBase"]
[SourceDate "2011.11.24"]
[SourceVersion "1"]
[SourceVersionDate "2011.11.24"]
[SourceQuality "1"]

1. d4 Nf6 2. c4 c5 3. d5 b5 4. cxb5 a6 5. f3 e6 6. e4 exd5 7. e5 Qe7 8. Qe2 Ng8 9. Nh3 c4 10. Nc3 Bb7 11. Nf4 Qc5 12. a3 axb5 13. Be3 d4 14. Bf2 Ne7 15. Bxd4 Qxd4 16. Nxb5 Qxf4 17. Nd6+ Kd8 18. Nxb7+ Kc7 19. g3 Qf5 20. Nd6 Qe6 21. Rc1 Nec6 22. Nxc4 f6 23. f4 fxe5 24. Nxe5 Bd6 25. Nf3 Re8 26. Qxe6 Rxe6+ 27. Kf2 Re8 28. Bd3 h6 29. Rhd1 Rf8 30. Ke2 Kb6 31. Be4 Rf6 32. Rd3 Ra7 33. Nd2 Kc7 34. b4 Kd8 35. Nc4 Bxb4 36. axb4 Ra2+ 37. Kf3 Nxb4 38. Rd6 Ra6 39. Rcd1 Raxd6 40. Rxd6 Rxd6 41. Nxd6 Ke7 42. Nf5+ Kf6 43. Ne3 Ke6 44. Ke2 d5 45. Bh7 Kf6 46. Kf2 N8c6 47. Bb1 Nd4 48. h4 h5 49. g4 hxg4 50. Nxg4+ Ke6 51. Bh7 Nf5 52. Bg8+ Kd6 53. h5 Nc6 54. Bh7 Nce7 55. Ne5 d4 56. Kf3 Kd5 57. Bg6 Nh4+ 58. Ke2 Nhxg6 59. hxg6 Ke4 0-1